|
|
|
|
| LEADER |
00970nam a22002417a 4500 |
| 001 |
15915 |
| 003 |
BD-DhAAL |
| 005 |
20141208104301.0 |
| 008 |
141208s2003 enka|||| |||| 00| 0 eng d |
| 020 |
|
|
|a 019438621X
|
| 040 |
|
|
|a BD-DhAAL
|c BD-DhAAL
|
| 082 |
|
|
|2 22
|a 401.41
|
| 100 |
|
|
|a Bourke, Kenna
|9 6693
|
| 245 |
|
|
|a Test it fix it :
|b English grammar : intermediate /
|c Kenna Bourke with Peter May
|
| 260 |
|
|
|a Oxford :
|b Oxford University Press,
|c 2003
|
| 300 |
|
|
|a 87 p. :
|c 24 cm.
|
| 541 |
|
|
|e 15915
|
| 650 |
|
|
|a English language
|x Grammar
|x Problems, exercises, etc.
|9 6694
|
| 852 |
|
|
|a Ayesha Abed Library
|
| 942 |
|
|
|2 ddc
|c BK
|
| 999 |
|
|
|c 33261
|d 33261
|
| 952 |
|
|
|0 0
|1 0
|2 ddc
|4 0
|6 401_410000000000000_BOU
|7 0
|9 44412
|a BRACUL
|b BRACUL
|c GEN
|d 2014-12-08
|l 2
|m 8
|o 401.41 BOU
|p 3010015915
|r 2026-01-17
|s 2026-01-04
|t 1
|w 2014-12-08
|y BK
|
| 952 |
|
|
|0 0
|1 0
|2 ddc
|4 0
|6 401_410000000000000_BOU
|7 0
|9 44747
|a BRACUL
|b BRACUL
|c GEN
|d 2015-01-14
|l 0
|o 401.41 BOU
|p 3010015916
|r 2015-01-14
|t 2
|w 2015-01-14
|y BK
|